Apuntes sobre el cambio climático en Nicaragua

Bibliographic Details
Main Author: Milián, José Antonio
Format: Section = Libro
Language:Undetermined
Spanish
Published: Managua Milián José Antonio 2012
Edition:2a.ed.
Subjects:
LEADER 00599nam a2200217Ia 4500
008 240830s9999 xx 000 0 und d
020 |a 978-99964-0-142-8 
040 |a CEDOC FIQ-RUSB / 551.6 M637 
041 |a spa 
082 |a 551.6 M637 
100 1 |a Milián, José Antonio 
245 1 0 |a Apuntes sobre el cambio climático en Nicaragua 
250 |a 2a.ed. 
260 |a Managua  |b Milián José Antonio  |c 2012 
300 |a 300 p. :il 
650 7 |a CLIMATOLOGIA-NICARAGUA 
650 7 |b  CAMBIOS CLIMATICOS 
650 7 |c  EFECTOSEN MEDIOAMBIENTE 
942 |c BK  |2 ddc 
991 |a TEXTO 
999 |c 13228